Biblioteca y Centro de Documentación

Memorias de los años 2014 y 2015 que el Consejo de Estado en Pleno eleva al Gobierno, en cumplimiento de lo dispuesto en el artículo 20.2 de la Ley orgánica 3/1980, de 23 de abril (Registro nro. 49667)

Detalles MARC
000 -CABECERA
Longitud fija campo de control 00972nam a2200265 c 4500
001 - NÚMERO DE CONTROL
Número de control 49667
003 - IDENTIFICADOR DE NÚMERO DE CONTROL
Identificador del número de control ES-MaCES
005 - FECHA Y HORA DE LA ÚLTIMA TRANSACCIÓN
Fecha y hora de la última transacción 20170711130233.0
008 - CAMPO FIJO DE DESCRIPCIÓN FIJA--INFORMACIÓN GENERAL
Códigos de información de longitud fija   170710s2016 sp o000 | spa d
040 ## - FUENTE DE CATALOGACIÓN
Centro catalogador de origen ES-MaCES
Lengua de catalogación spa
Centro transcriptor ES-MaCES
110 1# - ENCABEZAMIENTO PRINCIPAL--NOMBRE CORPORATIVO
Nombre de entidad corporativa o nombre de jurisdicción como elemento inicial España
Unidad subordinada Consejo de Estado
9 (RLIN) 2748
245 10 - MENCIÓN DE TÍTULO
Título Memorias de los años 2014 y 2015 que el Consejo de Estado en Pleno eleva al Gobierno, en cumplimiento de lo dispuesto en el artículo 20.2 de la Ley orgánica 3/1980, de 23 de abril
260 ## - PUBLICACIÓN, DISTRIBUCIÓN, ETC (PIE DE IMPRENTA)
Lugar de publicación, distribución, etc. Madrid
Nombre del editor, distribuidor, etc. Consejo de Estado
Fecha de publicación, distribución, etc. 2016
300 ## - DESCRIPCIÓN FÍSICA
Extensión 320 p.
Dimensiones 24 cm
541 ## - NOTA DE LA FUENTE INMEDIANTE DE ADQUISICIÓN
Forma de adquisición Gratuito
610 14 - ASIENTO SECUNDARIO DE MATERIA--NOMBRE CORPORATIVO
Nombre de entidad corporativa o nombre de jurisdicción como elemento inicial España
Unidad subordinada Consejo de Estado
9 (RLIN) 2748
650 #4 - ASIENTO SECUNDARIO DE MATERIA--TÉRMINO DE MATERIA
Término de materia o nombre geográfico como elemento inicial memoria anual
9 (RLIN) 28977
650 #4 - ASIENTO SECUNDARIO DE MATERIA--TÉRMINO DE MATERIA
Término de materia o nombre geográfico como elemento inicial informe de actividades
9 (RLIN) 28984
650 #4 - ASIENTO SECUNDARIO DE MATERIA--TÉRMINO DE MATERIA
Término de materia o nombre geográfico como elemento inicial 2014
9 (RLIN) 34918
650 #4 - ASIENTO SECUNDARIO DE MATERIA--TÉRMINO DE MATERIA
Término de materia o nombre geográfico como elemento inicial 2015
9 (RLIN) 31152
653 10 - TÉRMINO DE INDEXACIÓN--NO CONTROLADO
Término no controlado Administración-Instituciones públicas
787 0# - ENTRADA DE OTRAS ESPECIFICACIONES
Título Memorias de los años 2012 y 2013 que el Consejo de Estado (...)
Número de control del registro relacionado (ES-MaCES)45809
902 ## - CES. TIPO DE DOCUMENTO
Tipodoc (006$c Sirtex) LIB Libro
942 ## - ELEMENTOS KOHA
Fuente de clasificaión o esquema Clasificación propia del CES
Koha [por defecto] tipo de item Monografías
Parte de clasificación Administración e Instituciones Públicas
Existencias
Número de registro Signatura completa Tipo de item de Koha
089275 DPT-13412 Monografías
© CES, Consejo Económico y Social de España 2021